Hidden Neighbors of Guinea Quiz Stats

 Plays Quiz not verified by Sporcle

Challenge
Share
Tweet
Score 0/6 Timer 01:00
1 Play Today
% Correct
Mali
92.1%
Côte d'Ivoire
86%
Sierra Leone
85.2%
Senegal
83.6%
Guinea Bissau
83.1%
Liberia
79.8%

You're not logged in!

Compare scores with friends on all Sporcle quizzes.
OR
Log In

You Might Also Like...

Show Comments

Extras

Top Quizzes Today


Score Distribution

Your Account Isn't Verified!

In order to create a playlist on Sporcle, you need to verify the email address you used during registration. Go to your Sporcle Settings to finish the process.

Report this User

Report this user for behavior that violates our Community Guidelines.

Details: